| 000 | 01275nam a22002657a 4500 | ||
|---|---|---|---|
| 003 | PE SENCICO BE | ||
| 005 | 20251020182706.0 | ||
| 008 | 240226b |||||||| |||| 00| 0 eng d | ||
| 040 |
_aPE SENCICO BE _cPE SENCICO BE |
||
| 041 | _aspa | ||
| 084 |
_aI _aDIS _a2013 _bC29 |
||
| 100 | 1 |
_91981 _aCastillo Rojas, Samuel Obed _eautor |
|
| 245 | 1 |
_aProyecto imagen institucional del SENCICO : _bdiseño interior de recepción, trámite documentario, SSHH para discapacitados y entornos / _cSamuel Obed Castillo Rojas |
|
| 260 |
_aLima : _c2013 |
||
| 300 |
_a75 h. : _bil. col., plans.; _c30 x 40 cm. |
||
| 500 | _aEl presente volumen contiene planos. | ||
| 502 | _aMonografía de Titulación.-- Servicio Nacional de Capacitación para la Industria de la Construcción. Escuela Superior Técnica. Carrera Profesional Técnica en Diseño de Interiores, 2013 | ||
| 610 | 1 | 0 |
_aServicio Nacional de Capacitación para la Industria de la Construcción. _bDirección de Formación Profesional _91982 |
| 650 | 1 | 0 |
_944 _aDiseño de interiores |
| 650 | 2 | 0 |
_9615 _aPlanos |
| 650 | 2 | 0 |
_9940 _aProyectos de edificaciones |
| 710 | 1 |
_aServicio Nacional de Capacitación para la Industria de la Construcción. _bEscuela Superior Técnica _91065 |
|
| 910 |
_bhfp _chfp |
||
| 942 |
_cMON _2ddc |
||
| 999 |
_c4962 _d4962 |
||